000 00365nam a2200157Ia 4500
003 Ost
005 20260225132558.0
008 260225s9999||||xx |||||||||||||| ||und||
040 _cfsic
041 _afre
082 _a302.23
100 _aEl Sedik Med EL Salah
_eAuteur
245 0 _aLe colonel Amirouche /
245 0 _cEl Sedik Med EL Salah
942 _cكتاب
999 _c34571
_d34571